ბათუმის შოთა რუსთაველის სახელმწიფო უნივერსიტეტის ბიბლიოთეკა

Current medical diagnosis & treatment / (ბიბ.ჩანაწერი № 61721)

000 -LEADER
fixed length control field 00632nam a22001817a 4500
005 - DATE AND TIME OF LATEST TRANSACTION
control field 20240422113923.0
008 - FIXED-LENGTH DATA ELEMENTS--GENERAL INFORMATION
fixed length control field 240422s2008 enk||||| |||| 00| 0 eng d
020 ## - INTERNATIONAL STANDARD BOOK NUMBER
International Standard Book Number 9780071287340
041 ## - LANGUAGE CODE
Language code of text/sound track or separate title eng
080 ## - UNIVERSAL DECIMAL CLASSIFICATION NUMBER
Universal Decimal Classification number 61 C-95
245 ## - TITLE STATEMENT
Title Current medical diagnosis & treatment /
Statement of responsibility, etc. Edited McPhee, Stephen J., Maxine A. Papadakis.
250 ## - EDITION STATEMENT
Edition statement Fort Seventh Edition
264 ## - PRODUCTION, PUBLICATION, DISTRIBUTION, MANUFACTURE, AND COPYRIGHT NOTICE
Place of production, publication, distribution, manufacture New York :
Name of producer, publisher, distributor, manufacturer McGraw-Hill Medical,
Date of production, publication, distribution, manufacture, or copyright notice 2008.
300 ## - PHYSICAL DESCRIPTION
Extent 1673 p.:
Other physical details ill.;
Dimensions 26 cm.
700 ## - ADDED ENTRY--PERSONAL NAME
Personal name McPhee, Stephen J.
Relator term რედაქტორი
9 (RLIN) 21901
700 ## - ADDED ENTRY--PERSONAL NAME
Personal name Papadakis, Maxine A.
Relator term რედაქტორი
9 (RLIN) 21902
942 ## - ADDED ENTRY ELEMENTS (KOHA)
Source of classification or shelving scheme
Koha item type წიგნი
ეგზემპლარები
Withdrawn status Lost status Source of classification or shelving scheme Damaged status Not for loan Permanent Location Current Location Shelving location Date acquired Cost, normal purchase price Full call number Barcode Date last seen Copy number Price effective from Koha item type Public note
          ბათუმის შოთა რუსთაველის სახელმწიფო უნივერსიტეტის მთავარი ბიბლიოთეკა ბათუმის შოთა რუსთაველის სახელმწიფო უნივერსიტეტის მთავარი ბიბლიოთეკა წიგნსაცავი 2024-04-22 123.00 61 C-95 67889 2024-04-22 67889 2024-04-22 წიგნი 123 ლ.